000 01704cam a22004334i 4500
003 PE-LiUPU
005 20250731175627.0
008 190806s2012 sp a rb 000 0 spa d
020 _a848021838X
020 _a9788480218382
035 _a(Sirsi) a252388
040 _aPE-LiUPU
_bspa
_cPE-LiUPU
_erda
049 _aPRUA
082 0 4 _a418.0071
_bE9
_223
245 0 0 _aEstudios de traducción e interpretación :
_btornos de especialidad /
_cJosé Luis Martí Ferriol, Ana María Muñoz Miquel.
264 1 _aCastellón de la Plana :
_bUniversitat Jaume I,
_c2012.
300 _aVolimen II ;
_c21 centímetros.
336 _atext
_2rdacontent
337 _aunmediated
_2rdamedia
338 _avolume
_2rdacarrier
490 0 _aEstudis sobre la traducció ;
_v18
504 _aBibliografía al final de cada capítulo.
505 0 _aTraducción audiovisual -- Traducción científico-técnica y médica -- Traducción jurídico-administrativa -- Traducción literaria -- Interpretación..
526 _aP145
526 _aP127
526 _aP97
526 _aP35
526 _aP14
526 _aP07
541 _g002-00001573;
650 0 7 _aEspagnol (langue)
_xTraduction.
_2ram
700 1 _aMartí Ferriol, José Luis,
_eDirector.
700 1 _aMuñoz Miquel, Ana María,
_eDirector.
910 _abrg
_bksl
_cksl
_d20190806
942 _2ddc
_cBOOK
994 _aC0
_bPEPRU
596 _a1
999 _a418.0071 E9
_wDEWEY
_c31611
_i80488
_f2021-11-8
_g3
_lCCODEBUL1
_mBUL
_p20.44
_r0
_sY
_tBOOK
_u2019-8-6
_xEDUCACION
_PP33
_0COMPRA
_1FCOMPR3
_o.STAFF. Colección Ciencias de la Salud
_d31611
980 _81
_gALBERTO SANCHEZ Responsable de Automatización